| 000 | 00409nam a2200169Ia 4500 | ||
|---|---|---|---|
| 008 | 120913t xxu||||| |||| 00| 0 eng d | ||
| 041 | _aeng | ||
| 080 |
_a8-31 _bWEL |
||
| 100 | _aWelikannage,Piyadasa | ||
| 245 | _aShadows Of the White | ||
| 260 |
_aGodage _aColombo _c |
||
| 300 | _b303p, 21 cm | ||
| 700 |
_aBAlasuriya,Tilak _etr. |
||
| 942 | _cBK | ||
| 999 |
_c40904 _d40904 |
||
| 003 | LK-CoDNM | ||
| 040 |
_aLK-CoDNM _dLK-CoDNM _eLK-CoDNM |
||